[Event "NOR-ch U14"]
[Site "Tromsoe"]
[Date "2016.07.11"]
[Round "3"]
[White "Mansoor, Afras"]
[Black "Munk, Julian"]
[Result "0-1"]
[WhiteElo "1614"]
[BlackElo "1365"]
[PlyCount "132"]
[EventDate "2016.07.09"]
[EventType "swiss"]
[EventRounds "9"]
[EventCountry "NOR"]
[SourceTitle "EXT 2024"]
[Source "ChessBase"]
[SourceDate "2023.10.10"]
[SourceVersion "1"]
[SourceVersionDate "2023.10.10"]
[SourceQuality "1"]

1. d4 Nf6 2. Bg5 e6 3. Nf3 d5 4. Nbd2 Be7 5. e3 0-0 6. Bd3 b6 7. c3 Bb7 8. Ne5 Nbd7 9. f4 Ne4 10. Bxe7 Qxe7 11. Nxd7 Qxd7 12. Qf3 f5 13. Qe2 Qe7 14. Nf3 c5 15. Bxe4 fxe4 16. Ne5 a5 17. h4 Ba6 18. Qd2 Bb5 19. g4 Rac8 20. h5 Rc7 21. h6 cxd4 22. exd4 Qf6 23. f5 g6 24. 0-0-0 exf5 25. gxf5 Qxf5 26. Qg2 Qf2 27. Qh3 Rf5 28. Rdg1 Be8 29. Rg2 Qf4+ 30. Kb1 e3 31. Re2 Qe4+ 32. Ka1 Rf3 33. Qe6+ Bf7 34. Qd6 Rc8 35. Nxf3 Qxf3 36. Rhe1 Re8 37. Qh2 Re4 38. Qg1 Qf4 39. Qh2 Qf3 40. Qh1 Qf4 41. Qh3 Be6 42. Qh1 Bd7 43. Rf1 Qg5 44. Qf3 Qe7 45. Ree1 Bb5 46. Rg1 e2 47. Qf5 Qe6 48. Qg5 Qd6 49. Qf5 Rf4 50. Qh3 Rf8 51. Qg2 Qe6 52. a3 Qe4 53. Qh3 Qf5 54. Qh2 Qf4 55. Qh1 Rf5 56. Qh3 Qf2 57. Qh1 Bc4 58. b3 Bd3 59. Kb2 Qe3 60. c4 Qd2+ 61. Ka1 Qc3+ 62. Ka2 Qc2+ 63. Ka1 Qxb3 64. Rxe2 Bxe2 65. Re1 Qxa3+ 66. Kb1 Bd3# 0-1

[Event "NOR-ch U10"]
[Site "Oslo"]
[Date "2015.07.10"]
[Round "8"]
[White "Munk, Julian"]
[Black "Dahl, Max"]
[Result "1-0"]
[WhiteElo "1256"]
[BlackElo "1166"]
[PlyCount "39"]
[EventDate "2015.07.04"]
[EventType "swiss"]
[EventRounds "9"]
[EventCountry "NOR"]
[SourceTitle "EXT 2017"]
[Source "ChessBase"]
[SourceDate "2016.10.25"]
[SourceVersion "1"]
[SourceVersionDate "2016.10.25"]
[SourceQuality "1"]

1. e4 d5 2. exd5 Qxd5 3. Nc3 Qd8 4. Nf3 Nf6 5. d4 e6 6. Bb5+ Bd7 7. Bd3 Bd6 8. 0-0 0-0 9. Bg5 Be7 10. Re1 Bc6 11. Re3 Nd5 12. Bxe7 Nxe7 13. Bxh7+ Kh8 14. Bd3 Nf5 15. Bxf5 exf5 16. Nh4 Qf6 17. Rh3 Kg8 18. Qh5 Qh6 19. Nxf5 Qxh5 20. Ne7+ 1-0

[Event "NOR-ch U10"]
[Site "Oslo"]
[Date "2015.07.04"]
[Round "1"]
[White "Unneland, Mathias"]
[Black "Munk, Julian"]
[Result "0-1"]
[WhiteElo "572"]
[BlackElo "1256"]
[PlyCount "48"]
[EventDate "2015.07.04"]
[EventType "swiss"]
[EventRounds "9"]
[EventCountry "NOR"]
[SourceTitle "EXT 2017"]
[Source "ChessBase"]
[SourceDate "2016.10.25"]
[SourceVersion "1"]
[SourceVersionDate "2016.10.25"]
[SourceQuality "1"]

1. d4 Nf6 2. c4 e6 3. Nc3 Bb4 4. Bd2 0-0 5. Nf3 d5 6. a3 Bxc3 7. Bxc3 b6 8. Ne5 Bb7 9. e3 Nbd7 10. b4 Ne4 11. Bb2 Nxe5 12. dxe5 h6 13. Qg4 dxc4 14. Rd1 Qg5 15. Qxg5 Nxg5 16. Rd2 Ne4 17. Rd7 c3 18. Bc1 Rac8 19. a4 Rfd8 20. Rd3 Rxd3 21. Bxd3 Rd8 22. Ke2 Rxd3 23. Kxd3 Nxf2+ 24. Kxc3 Nxh1 0-1